| 000 -LEADER |
| fixed length control field |
02674cam a2200409 i 4500 |
| 001 - CONTROL NUMBER |
| control field |
20846301 |
| 003 - CONTROL NUMBER IDENTIFIER |
| control field |
NUST |
| 005 - DATE AND TIME OF LATEST TRANSACTION |
| control field |
20220825114917.0 |
| 008 - FIXED-LENGTH DATA ELEMENTS--GENERAL INFORMATION |
| fixed length control field |
190211s2019 nyua b 001 0 eng |
| 010 ## - LIBRARY OF CONGRESS CONTROL NUMBER |
| LC control number |
2018057941 |
| 020 ## - INTERNATIONAL STANDARD BOOK NUMBER |
| International Standard Book Number |
9780525538370 (hardback) |
| 020 ## - INTERNATIONAL STANDARD BOOK NUMBER |
| Canceled/invalid ISBN |
9780525538394 (ebook) |
| 038 ## - RECORD CONTENT LICENSOR |
| Staff Name |
Azhar |
| 040 ## - CATALOGING SOURCE |
| Original cataloging agency |
DLC |
| Language of cataloging |
eng |
| Transcribing agency |
DLC |
| Description conventions |
rda |
| Modifying agency |
DLC |
| 042 ## - AUTHENTICATION CODE |
| Authentication code |
pcc |
| 050 00 - LIBRARY OF CONGRESS CALL NUMBER |
| Classification number |
BF637.S4 |
| Item number |
W647 2019 |
| 082 00 - DEWEY DECIMAL CLASSIFICATION NUMBER |
| Classification number |
158.1 |
| Edition number |
23 |
| Author Mark |
WIS |
| 084 ## - OTHER CLASSIFICATION NUMBER |
| Classification number |
BUS046000 |
| -- |
SEL027000 |
| -- |
BUS071000 |
| Number source |
bisacsh |
| 100 1# - MAIN ENTRY--PERSONAL NAME |
| Personal name |
Wiseman, Richard |
| Fuller form of name |
(Richard John), |
| Dates associated with a name |
1966- |
| Relator term |
author. |
| 9 (RLIN) |
95245 |
| 245 10 - TITLE STATEMENT |
| Title |
Moonshot : |
| Remainder of title |
what landing a man on the moon teaches us about collaboration, creativity, and the mind-set for success |
| Statement of responsibility, etc. |
Richard Wiseman. |
| 260 ## - PUBLICATION, DISTRIBUTION, ETC. |
| Place of publication, distribution, etc. |
[New York] : |
| Name of publisher, distributor, etc. |
TarcherPerigee, |
| Date of publication, distribution, etc. |
2019 |
| 300 ## - PHYSICAL DESCRIPTION |
| Extent |
ix, 259 pages : |
| Other physical details |
illustrations ; |
| Dimensions |
24 cm |
| 336 ## - CONTENT TYPE |
| Content type term |
text |
| Content type code |
txt |
| Source |
rdacontent |
| 337 ## - MEDIA TYPE |
| Media type term |
unmediated |
| Media type code |
n |
| Source |
rdamedia |
| 338 ## - CARRIER TYPE |
| Carrier type term |
volume |
| Carrier type code |
nc |
| Source |
rdacarrier |
| 504 ## - BIBLIOGRAPHY, ETC. NOTE |
| Bibliography, etc. note |
Includes bibliographical references and index. |
| 520 ## - SUMMARY, ETC. |
| Summary, etc. |
"On the 50th anniversary of the Apollo 11 moon landing, renowned psychologist Richard Wiseman reveals the powerful life lessons behind humanity's greatest achievement. The historic moon landings were achieved against remarkable odds and within the space of just a few years. How can we apply the secrets of this astronomical success to our own goals, to achieve the impossible in work and in life? Psychologist Richard Wiseman brings together history, psychology, and self-help in this unique and powerful guide to achieving the impossible in work and in life. The result of intensive research, including interviews with surviving members of the Apollo mission-control team, Moonshot delivers eight key lessons on teamwork, leadership, persistence, creativity, and more, each one a vital part of the mindset for success. Filled with never-before-told stories and fresh insights, Moonshot sheds new light on the science of success--and empowers each of us to achieve the impossible"-- |
| Assigning source |
Provided by publisher. |
| 520 ## - SUMMARY, ETC. |
| Summary, etc. |
"On the 50th anniversary of the Apollo 11 moon landing, renowned psychologist Richard Wiseman reveals the powerful life lessons behind humanity's greatest achievement"-- |
| Assigning source |
Provided by publisher. |
| 563 ## - BINDING INFORMATION |
| Binding note |
HB |
| 650 #0 - SUBJECT ADDED ENTRY--TOPICAL TERM |
| Topical term or geographic name entry element |
Self-actualization (Psychology) |
| 9 (RLIN) |
24825 |
| 650 #0 - SUBJECT ADDED ENTRY--TOPICAL TERM |
| Topical term or geographic name entry element |
Creative ability. |
| 9 (RLIN) |
7733 |
| 650 #0 - SUBJECT ADDED ENTRY--TOPICAL TERM |
| Topical term or geographic name entry element |
Motivation (Psychology) |
| 9 (RLIN) |
95246 |
| 650 #0 - SUBJECT ADDED ENTRY--TOPICAL TERM |
| Topical term or geographic name entry element |
Leadership. |
| 906 ## - LOCAL DATA ELEMENT F, LDF (RLIN) |
| a |
7 |
| b |
cbc |
| c |
orignew |
| d |
1 |
| e |
ecip |
| f |
20 |
| g |
y-gencatlg |
| 942 ## - ADDED ENTRY ELEMENTS (KOHA) |
| Source of classification or shelving scheme |
|
| Koha item type |
Lincoln Corner |